000 00682nam a2200241 i 4500
001 12810
003 ES-MaACL
005 20230906150416.0
007 t|
008 961011s1996 sp ||||0| spa
020 _a84-350-9137-6
080 _a820-84"19"
100 1 _aAuden, W. H.
_923843
245 1 3 _aEl prolífico y el devorador /
_cW.H. Auden ; prólogo y traducción de Horacio Vázquez-Rial.
250 _a1ª ed.
260 _aBarcelona :
_bEdhasa,
_c1996.
300 _a172 p. ;
_c19 cm.
490 1 _aAforismos ;
_v11
700 1 _aVázquez Rial, Horacio.
_9113477
830 1 _aAforismos ;
_v11
_9180594
852 _aES-MaACL
_jL-20145
999 _c12810
_d12810